جودر : (Record no. 30837)

MARC details
000 -الفاتح
حقل البيانات ثابتة الطول 00907nam a2200277 i 4500
003 - محدد رقم الضبط
رقم الضبط EG-ScBUE
005 - وقت وتاريخ اخر تعامل مع التسجيلة
رقم الضبط 20241212112827.0
008 - عناصر البيانات ثابتة الطول - معلومات عامة
حقل البيانات ثابتة الطول 170718s2024 ua f f000 h ara d
017 ## - رقم الإيداع القانونى
رقم الإيداع القانونى 13639
020 ## - الرقم الدولى المعيارى للكتب
الرقم الدولى المعيارى للكتاب 9789778726190
040 ## - مصدر الفهرسة
وكالة الفهرسة الأصلية EG-ScBUE
لغة الفهرسة ara
قواعد الوصف rda
وكالة النسخ EG-ScBUE
وكالة التعديل EG-ScBUE
082 04 - رقم تصنيف ديوى العشرى
رقم التصنيف 398.22
رقم المادة ج و د
رقم الطبعة 22
245 00 - بيان العنوان
العنوان جودر :
بقية العنوان الصياد و الخرج المرصود : قصة من ألف ليلة و ليلة.
264 #1 - النشر، التوزيع
مكان الناشر او الموزع الجيزة، مصر :
اسم الناشر او الموزع أطياف للنشر والتوزيع،
تاريخ النشر أو التوزيع 2024.
300 ## - الوصف المادى
التعداد 80 صفحة ؛
أبعاد الوعاء 24 سم
336 ## - نوع المحتوى
source rdacontent
Carrier Type Term نص
Content Type Code txt
337 ## - نوع الوسيط
source rdamedia
Media Type Term بدون وسيط
Media Type Code n
338 ## - نوع الحامل أو الناقل
source rdacarrier
Carrier Type Term مجلد
Carrier Type Code nc
590 ## - تبصرة محلية(RLIN)
تبصرة محلية دعاء<br/>
650 #7 - المدخل الاضافى بالموضوع-مصطلح موضوعى
مصدر الرأس أو المصطلح BUEsh
مصطلح موضوعي أو اسم جغرافي كعنصر مدخل القصص الشعبية.
9 (RLIN) 8633
650 #7 - المدخل الاضافى بالموضوع-مصطلح موضوعى
مصدر الرأس أو المصطلح BUEsh
مصطلح موضوعي أو اسم جغرافي كعنصر مدخل الأدب الشعبي
651 ## - المدخل الاضافى بالموضوع - اسم جغرافى
مصدر الرأس أو المصطلح BUEsh
653 ## - مصطلح تكشيفى غير مقيد
Resource For college Generalities
Arrived date list December2024
655 ## - مصطلح تكشيفى-نوع/شكل
التقسيم الفرعي الشكلي Reading book
942 ## - عناصر المدخل الإضافي( كوها)
مصدر التصنيف او مخطط الترفيف Dewey Decimal Classification
Holdings
حالة التراجع حالة الفقد مصدر التصنيف او خطة الترفيف حالة تلف ليس للاعارة مجموعات كوها المكان الدائم المكان الحالي موقع الترفيف تاريخ الاكتساب Source of acquisition رقم الاستدعاء الباركود Date last seen نوع الوعاء
    Dewey Decimal Classification     Donation-Gift Central Library Central Library First floor 12/12/2024 Donation 398.22 ج و د 000057200 29/04/2026 Book - Borrowing